|
|
|
|
| LEADER |
00000nas a2200000 a 4500 |
| 001 |
ssj0034456 |
| 003 |
WaSeSS |
| 005 |
20200512172242.0 |
| 006 |
m d |
| 007 |
cr n |
| 008 |
991108c19899999hiufr pss 0 a0eng c |
| 010 |
|
|
|a 00211018
|
| 015 |
|
|
|a 024034932
|2 dnb
|
| 016 |
7 |
|
|a 2092567-0
|2 DE-600
|
| 016 |
7 |
|
|a 2008884-X
|2 DE-600
|
| 022 |
|
|
|a 1527-943X
|l 1045-7909
|y 1045-7909
|
| 035 |
|
|
|a (WaSeSS)ssj0034456
|
| 037 |
|
|
|b Project Muse, The Johns Hopkins University Press, 2715 N. Charles Street, Baltimore, Maryland 21211
|
| 040 |
|
|
|a JHE
|b eng
|c JHE
|d NSD
|d JHE
|d OCLCQ
|d UMC
|d F#A
|d MUQ
|d OCLCS
|d EYM
|d DLC
|d OCLCQ
|d OCLCO
|d OCLCQ
|d OCLCO
|d OCLCQ
|d CUD
|d SHS
|d GBVCP
|d PUL
|d CSU
|d OCLCF
|d OCLCO
|d DEBBG
|d OCL
|d OCLCE
|d J9U
|d WaSeSS
|
| 042 |
|
|
|a nsdp
|a pcc
|
| 043 |
|
|
|a p------
|
| 050 |
1 |
4 |
|a PN771
|
| 082 |
1 |
0 |
|a 808
|2 13
|
| 130 |
0 |
|
|a Mānoa (Honolulu, Hawaii : 1989)
|
| 210 |
0 |
|
|a Mānoa
|b (Honol. Hawaii, 1989, Online)
|
| 222 |
|
0 |
|a Mānoa
|b (Honolulu, Hawaii. 1989. Online)
|
| 245 |
1 |
0 |
|a Mānoa
|h [electronic resource].
|
| 260 |
|
|
|a Honolulu, HI :
|b University of Hawaii Press,
|c 1989-
|
| 310 |
|
|
|a Semiannual
|
| 362 |
0 |
|
|a Vol. 1, no. 1/2 (1989)-
|
| 500 |
|
|
|a Title from cover (JSTOR, viewed Oct. 31, 2008).
|
| 500 |
|
|
|a Issues have also distinctive titles.
|
| 506 |
|
|
|a License restrictions may limit access.
|
| 538 |
|
|
|a Mode of access: World Wide Web.
|
| 538 |
|
|
|a Master and use copy. Digital master created according to Benchmark for Faithful Digital Reproductions of Monographs and Serials, Version 1. Digital Library Federation, December 2002.
|u http://purl.oclc.org/DLF/benchrepro0212
|5 MiAaHDL
|
| 583 |
1 |
|
|a digitized
|c 2010
|h HathiTrust Digital Library
|l committed to preserve
|2 pda
|5 MiAaHDL
|
| 588 |
|
|
|a Latest issue consulted: Vol. 16, no. 2 (2004) (JSTOR, viewed Oct. 31, 2008).
|
| 588 |
|
|
|a Description based on print version record.
|
| 648 |
|
7 |
|a 1900-2099
|2 fast
|
| 650 |
|
0 |
|a Literature, Modern
|y 20th century
|v Periodicals.
|
| 650 |
|
0 |
|a Literature, Modern
|y 21st century
|v Periodicals.
|
| 650 |
|
0 |
|a Pacific Island literature
|x Translations into English
|v Periodicals.
|
| 650 |
|
0 |
|a Oriental literature
|x Translations into English
|v Periodicals.
|
| 650 |
|
6 |
|a Littérature
|y 20e siècle
|v Périodiques.
|
| 650 |
|
6 |
|a Littérature
|y 20e siècle
|z Pacifique, Région du
|v Périodiques.
|
| 650 |
|
7 |
|a Literature, Modern.
|2 fast
|0 (OCoLC)fst01000172
|
| 650 |
|
7 |
|a Oriental literature
|x Translations into English.
|2 fast
|0 (OCoLC)fst01751907
|
| 650 |
1 |
7 |
|a Letterkunde.
|2 gtt
|
| 655 |
|
0 |
|a Electronic journals.
|
| 776 |
0 |
8 |
|i Print version:
|t Mānoa
|x 1045-7909
|w (DLC) 90649972
|w (OCoLC)20237037
|
| 856 |
4 |
0 |
|z Full text available from Research Library: 07/01/2011 to 1 year ago
|u https://search.proquest.com/publication/556338
|